| 000 | 00454nam a2200157Ia 4500 | ||
|---|---|---|---|
| 005 | 20250613023931.0 | ||
| 008 | 240331s9999 xx 000 0 und d | ||
| 020 | _a9789551468101 | ||
| 082 |
_bJAN _a307 |
||
| 100 | _aRawaya. ed | ||
| 245 | 0 | _aJana wiwidhathvaya | |
| 260 |
_aMaharagama _bRavaya Publishers _c2007 |
||
| 300 | _a230 p ., | ||
| 500 | _aA profile of the origin, Evolution and current lifestyle of the ethnic groups of Sri Lanka | ||
| 942 | _cL | ||
| 999 |
_c5149 _d5149 |
||